[Event "Scarborough CC Spring Swiss"]
[Site "Toronto CAN"]
[Date "2009.06.18"]
[Round "8"]
[White "Ward, Dean"]
[Black "Armstrong, Robert J"]
[Result "1/2-1/2"]
[WhiteElo "1700"]
[BlackElo "1820"]
[PlyCount "68"]
[GameId "2160767910157038"]
[EventDate "2009.04.30"]
[EventType "swiss"]
[EventRounds "8"]
[EventCountry "CAN"]
[SourceTitle "EXT 2011"]
[Source "ChessBase"]
[SourceDate "2011.11.26"]
[SourceVersion "1"]
[SourceVersionDate "2011.11.26"]
[SourceQuality "1"]

1. c4 g6 2. d4 Bg7 3. e3 Nf6 4. Nc3 O-O 5. g3 d6 6. Bg2 Nc6 7. Nge2 e5 8. Bxc6 bxc6 9. dxe5 dxe5 10. Qa4 Bb7 11. O-O Qd7 12. c5 a5 13. Ne4 Rfd8 14. Nxf6+ Bxf6 15. Nc3 Ba6 16. Re1 Bb5 17. Nxb5 cxb5 18. Qc2 Qc6 19. e4 Rd4 20. b3 Rad8 21. Bb2 Rd2 22. Qc1 Be7 23. Bc3 R2d7 24. Bxa5 Qxc5 25. Qxc5 Bxc5 26. Rac1 Bd6 27. Rc2 Ra8 28. Bc3 b4 29. Ba1 f6 30. Rd1 Rdd8 31. Rcd2 Kf7 32. f4 Ke6 33. fxe5 fxe5 34. Kg2 Be7 1/2-1/2

[Event "Scarborough CC Spring Swiss U1700"]
[Site "Toronto CAN"]
[Date "2009.04.30"]
[Round "1"]
[White "Gaffney, Kevin"]
[Black "Yusuf, Magas"]
[Result "1/2-1/2"]
[WhiteElo "1561"]
[BlackElo "1380"]
[PlyCount "61"]
[GameId "2160767910157040"]
[EventDate "2009.04.30"]
[EventType "swiss"]
[EventRounds "8"]
[EventCountry "CAN"]
[SourceTitle "EXT 2011"]
[Source "ChessBase"]
[SourceDate "2011.11.26"]
[SourceVersion "1"]
[SourceVersionDate "2011.11.26"]
[SourceQuality "1"]

1. e4 e5 2. Nf3 Nc6 3. Nc3 Nf6 4. d4 exd4 5. Nxd4 Nxd4 6. Qxd4 d6 7. Be3 c5 8. Qd2 a6 9. O-O-O Be7 10. Be2 b5 11. h3 b4 12. Nd5 Nxe4 13. Qd3 Nf6 14. Nxf6+ gxf6 15. Bh6 f5 16. Bf3 Ra7 17. Rhe1 Be6 18. Kb1 Qc7 19. Bh5 Kd7 20. Qe3 Kc8 21. Qg3 Qd8 22. Qe3 Re8 23. Bf3 Bf8 24. Qf4 Bxh6 25. Qxh6 f6 26. Qh5 Rae7 27. Rxe6 Rxe6 28. Qxf5 Qe7 29. Qd5 Re4 30. Bxe4 Qxe4 31. Qxd6 1/2-1/2

[Event "Scarborough CC Spring Swiss U1700"]
[Site "Toronto CAN"]
[Date "2009.04.30"]
[Round "1"]
[White "Karpik, Steve"]
[Black "Bao, Stephen"]
[Result "1-0"]
[WhiteElo "1509"]
[BlackElo "1466"]
[PlyCount "88"]
[GameId "2160767910157041"]
[EventDate "2009.04.30"]
[EventType "swiss"]
[EventRounds "8"]
[EventCountry "CAN"]
[SourceTitle "EXT 2011"]
[Source "ChessBase"]
[SourceDate "2011.11.26"]
[SourceVersion "1"]
[SourceVersionDate "2011.11.26"]
[SourceQuality "1"]

1. Nf3 d5 2. c4 c6 3. b3 Nf6 4. Bb2 Bf5 5. g3 Nbd7 6. Bg2 Qc7 7. d4 dxc4 8. bxc4 Nb6 9. Nbd2 Ne4 10. O-O O-O-O 11. a4 a5 12. c5 Nxd2 13. Qxd2 Nc4 14. Qc3 Nxb2 15. Qxb2 f6 16. Nd2 e5 17. e4 Be6 18. Nf3 exd4 19. Nxd4 Qe5 20. Rab1 Rd7 21. Nxe6 Qxe6 22. Qb6 Qe5 23. Bh3 Bxc5 24. Bxd7+ Kxd7 25. Qxb7+ Qc7 26. Rfc1 Bb4 27. Rd1+ Bd6 28. Rb6 Re8 29. Rc1 Rxe4 30. Qxc7+ Bxc7 31. Rbxc6 Be5 32. R6c4 Re2 33. f4 Bd6 34. Rd1 Ke7 35. Rb1 Kf7 36. f5 Bb4 37. Rc7+ Kg8 38. Rbc1 h5 39. Rd7 Ra2 40. Rcc7 Kh7 41. Rxg7+ Kh6 42. h4 Bc5+ 43. Kh1 Ra1+ 44. Kg2 Ra2+ 1-0

[Event "Scarborough CC Spring Swiss U1700"]
[Site "Toronto CAN"]
[Date "2009.04.30"]
[Round "1"]
[White "Roe, Jim"]
[Black "Walker, John"]
[Result "0-1"]
[WhiteElo "1512"]
[BlackElo "1326"]
[PlyCount "40"]
[GameId "2160767910157042"]
[EventDate "2009.04.30"]
[EventType "swiss"]
[EventRounds "8"]
[EventCountry "CAN"]
[SourceTitle "EXT 2011"]
[Source "ChessBase"]
[SourceDate "2011.11.26"]
[SourceVersion "1"]
[SourceVersionDate "2011.11.26"]
[SourceQuality "1"]

1. d4 Nf6 2. c4 d6 3. Nc3 Nbd7 4. e4 e5 5. d5 Nc5 6. f3 a5 7. Be3 Be7 8. Nge2 O-O 9. Nc1 Bd7 10. Nd3 Na6 11. Be2 Nb4 12. O-O c6 13. a3 Nxd3 14. Qxd3 Rb8 15. a4 Nh5 16. f4 Nxf4 17. Bxf4 exf4 18. Rxf4 Qb6+ 19. Rf2 Bf6 20. Kf1 Qxb2 0-1

[Event "Scarborough CC Spring Swiss U1700"]
[Site "Toronto CAN"]
[Date "2009.04.30"]
[Round "1"]
[White "Smith, Maurice"]
[Black "Rogers, Michael"]
[Result "0-1"]
[WhiteElo "1674"]
[BlackElo "1394"]
[PlyCount "62"]
[GameId "2160767910157043"]
[EventDate "2009.04.30"]
[EventType "swiss"]
[EventRounds "8"]
[EventCountry "CAN"]
[SourceTitle "EXT 2011"]
[Source "ChessBase"]
[SourceDate "2011.11.26"]
[SourceVersion "1"]
[SourceVersionDate "2011.11.26"]
[SourceQuality "1"]

1. e4 c5 2. f4 Nc6 3. Nf3 e6 4. Bb5 Nge7 5. O-O d5 6. exd5 Nxd5 7. d3 Bd7 8. Bxc6 Bxc6 9. Ne5 Qc7 10. Nxc6 Qxc6 11. Bd2 Bd6 12. Nc3 O-O-O 13. Qf3 h6 14. f5 Rdf8 15. a4 a6 16. Nxd5 exd5 17. Kh1 Be5 18. c3 g5 19. Rae1 f6 20. b3 Rfg8 21. c4 g4 22. Qe2 Qd6 23. g3 h5 24. Bf4 Bxf4 25. Rxf4 Re8 26. Qf2 Rxe1+ 27. Qxe1 dxc4 28. dxc4 Rd8 29. Re4 Qd1 30. Qg1 Qf3+ 31. Qg2 Rd1+ 0-1

[Event "Scarborough CC Spring Swiss U1700"]
[Site "Toronto CAN"]
[Date "2009.04.30"]
[Round "1"]
[White "Souchko, Larissa"]
[Black "Lin, Tony (Juntao)"]
[Result "0-1"]
[WhiteElo "1234"]
[BlackElo "1504"]
[PlyCount "100"]
[GameId "2160767910157044"]
[EventDate "2009.04.30"]
[EventType "swiss"]
[EventRounds "8"]
[EventCountry "CAN"]

1. e4 c5 2. Nf3 e6 3. Nc3 d5 4. exd5 exd5 5. d4 Nf6 6. Bd3 Nc6 7. Be3 c4 8. Be2 Bb4 9. a3 Bxc3+ 10. bxc3 Ne4 11. Bd2 O-O 12. O-O Re8 13. Re1 a6 14. Bf1 Bg4 15. Re3 Qc7 16. h3 Bh5 17. g4 Bg6 18. Bg2 h6 19. Nh4 Bh7 20. Qe2 Re7 21. Rf1 Rae8 22. Bxe4 Rxe4 23. Kg2 R8e6 24. f3 Rxe3 25. Bxe3 Bxc2 26. Qd2 Bd3 27. Re1 Na5 28. g5 Nb3 29. Qf2 h5 30. f4 g6 31. f5 gxf5 32. Nxf5 Bxf5 33. Qxf5 Qd7 34. h4 Re7 35. Qxd7 Rxd7 36. Rf1 Re7 37. Kf3 Re4 38. Rf2 Kg7 39. Bf4 f6 40. Re2 Rxe2 41. Kxe2 fxg5 42. Bxg5 Kg6 43. Ke3 Kf5 44. a4 b5 45. axb5 axb5 46. Ke2 Na5 47. Kd1 Nc6 48. Kc2 b4 49. Be7 b3+ 50. Kb2 Nxe7 0-1

[Event "Scarborough CC Spring Swiss U1700"]
[Site "Toronto CAN"]
[Date "2009.04.30"]
[Round "1"]
[White "Woolford, Jesse"]
[Black "Xie, Peter"]
[Result "1-0"]
[WhiteElo "1186"]
[BlackElo "1493"]
[PlyCount "85"]
[GameId "2160767910157045"]
[EventDate "2009.04.30"]
[EventType "swiss"]
[EventRounds "8"]
[EventCountry "CAN"]
[SourceTitle "EXT 2011"]
[Source "ChessBase"]
[SourceDate "2011.11.26"]
[SourceVersion "1"]
[SourceVersionDate "2011.11.26"]
[SourceQuality "1"]

1. e4 e5 2. Bc4 Nf6 3. d3 Nc6 4. a4 Na5 5. Ba2 c5 6. Nc3 b6 7. f4 d6 8. fxe5 dxe5 9. Nf3 Nc6 10. Ng5 Be6 11. Bxe6 fxe6 12. Nxe6 Qe7 13. Nxf8 Rxf8 14. Bg5 Nb4 15. O-O h6 16. Bxf6 Rxf6 17. Rxf6 Qxf6 18. Nd5 Nxd5 19. exd5 Qg5 20. Qe2 O-O-O 21. c4 Qf5 22. Qe4 Qg5 23. Rf1 Kb8 24. Qf5 Qe7 25. Qf7 Qg5 26. Qf3 Rd6 27. Qe4 Rf6 28. Rxf6 gxf6 29. Kf2 Qd2+ 30. Qe2 Qf4+ 31. Qf3 Qd2+ 32. Qe2 Qf4+ 33. Kg1 Qc1+ 34. Qf1 Qe3+ 35. Kh1 Kc7 36. h3 Qg5 37. Qf3 Qc1+ 38. Kh2 Qg5 39. Qg4 Kd6 40. Qxg5 fxg5 41. Kg3 h5 42. Kf3 a5 43. b3 1-0

[Event "Scarborough CC Spring Swiss U1700"]
[Site "Toronto CAN"]
[Date "2009.05.07"]
[Round "2"]
[White "Bao, Stephen"]
[Black "Termeer, Ted"]
[Result "1-0"]
[WhiteElo "1466"]
[BlackElo "1458"]
[PlyCount "59"]
[GameId "2160767910157046"]
[EventDate "2009.04.30"]
[EventType "swiss"]
[EventRounds "8"]
[EventCountry "CAN"]
[SourceTitle "EXT 2011"]
[Source "ChessBase"]
[SourceDate "2011.11.26"]
[SourceVersion "1"]
[SourceVersionDate "2011.11.26"]
[SourceQuality "1"]

1. e4 e5 2. Nf3 d6 3. d4 exd4 4. Nxd4 Nf6 5. Nc3 Be7 6. Bc4 O-O 7. h3 a6 8. g4 c5 9. Nf5 Nc6 10. g5 Ne8 11. Qh5 Ne5 12. Nh6+ gxh6 13. gxh6 Nxc4 14. Rg1+ Kh8 15. b3 Ne5 16. f4 Ng6 17. Bb2 Bf6 18. O-O-O Nxf4 19. Qf3 Ng6 20. Nd5 Bxb2+ 21. Kxb2 Be6 22. Qc3+ Ne5 23. Nf4 Qf6 24. Rdf1 Qxh6 25. Nd3 f6 26. Nf4 Nc7 27. Qd2 Qh4 28. Qxd6 Bxh3 29. Qxc7 Bxf1 30. Qg7# 1-0

[Event "Scarborough CC Spring Swiss U1700"]
[Site "Toronto CAN"]
[Date "2009.05.07"]
[Round "2"]
[White "Cuttress, Colin"]
[Black "Dattani, Dinesh"]
[Result "1-0"]
[WhiteElo "1560"]
[BlackElo "1423"]
[PlyCount "75"]
[GameId "2160767910157047"]
[EventDate "2009.04.30"]
[EventType "swiss"]
[EventRounds "8"]
[EventCountry "CAN"]
[SourceTitle "EXT 2011"]
[Source "ChessBase"]
[SourceDate "2011.11.26"]
[SourceVersion "1"]
[SourceVersionDate "2011.11.26"]
[SourceQuality "1"]

1. e4 e5 2. f4 exf4 3. Nf3 Bc5 4. d4 Bb6 5. Bxf4 Nf6 6. Nbd2 Nc6 7. c3 d6 8. Bc4 d5 9. exd5 Nxd5 10. Qe2+ Be6 11. Bg5 Qd7 12. O-O f6 13. Bxd5 Qxd5 14. Rae1 Kd7 15. Bh4 Rae8 16. Nb3 Bg4 17. Qd3 Bxf3 18. Rxf3 Ne5 19. Qf5+ Kc6 20. Rfe3 Qe6 21. Qe4+ Qd5 22. c4 Qxe4 23. Rxe4 Rd8 24. c5 Nd3 25. R1e2 Nxc5 26. dxc5 Bxc5+ 27. Nxc5 Kxc5 28. a4 Rd1+ 29. Kf2 Rhd8 30. b4+ Kb6 31. Bg3 Ra1 32. Re6+ c6 33. Re7 Rdd1 34. Bc7+ Ka6 35. Rxg7 Rf1+ 36. Kg3 Ra3+ 37. Kh4 Rxa4 38. Rg4 1-0

[Event "Scarborough CC Spring Swiss U1700"]
[Site "Toronto CAN"]
[Date "2009.05.07"]
[Round "2"]
[White "Lin, Tony (Juntao)"]
[Black "Woolford, Jesse"]
[Result "1/2-1/2"]
[WhiteElo "1470"]
[BlackElo "1234"]
[PlyCount "48"]
[GameId "2160767910157048"]
[EventDate "2009.04.30"]
[EventType "swiss"]
[EventRounds "8"]
[EventCountry "CAN"]

1. e4 e6 2. Qe2 c5 3. Nc3 Nc6 4. Nf3 Be7 5. g3 d5 6. e5 d4 7. Ne4 Qc7 8. d3 Nxe5 9. Nxe5 Qxe5 10. f4 Qc7 11. Bg2 Nf6 12. O-O Rb8 13. a4 b6 14. Nxf6+ Bxf6 15. f5 e5 16. g4 h6 17. Bd2 Bb7 18. Be4 Bh4 19. Rf3 Kf8 20. Rh3 Bd8 21. g5 Bxe4 22. dxe4 Qc6 23. gxh6 gxh6 24. Rf1 Ke8 1/2-1/2

[Event "Scarborough CC Spring Swiss U1700"]
[Site "Toronto CAN"]
[Date "2009.05.07"]
[Round "2"]
[White "Philip, Andrew"]
[Black "Walker, John"]
[Result "0-1"]
[WhiteElo "1578"]
[BlackElo "1326"]
[PlyCount "95"]
[GameId "2160767910157049"]
[EventDate "2009.04.30"]
[EventType "swiss"]
[EventRounds "8"]
[EventCountry "CAN"]
[SourceTitle "EXT 2011"]
[Source "ChessBase"]
[SourceDate "2011.11.26"]
[SourceVersion "1"]
[SourceVersionDate "2011.11.26"]
[SourceQuality "1"]

1. d4 Nf6 2. Bg5 d6 3. Bxf6 exf6 4. e3 Bf5 5. Bd3 Bxd3 6. Qxd3 Nd7 7. c4 g6 8. Nc3 f5 9. Nf3 Bg7 10. O-O Nf6 11. Rfd1 O-O 12. Rac1 Re8 13. Nd2 c6 14. b4 d5 15. c5 Ne4 16. Ndxe4 fxe4 17. Qe2 f5 18. g3 Qg5 19. b5 Rf8 20. Kh1 Qg4 21. Qf1 g5 22. Qg2 f4 23. h3 Qf3 24. Qxf3 exf3 25. gxf4 gxf4 26. Rf1 fxe3 27. fxe3 Bh6 28. Nd1 Rae8 29. Rc3 cxb5 30. Rb3 a6 31. Kg1 Kh8 32. Kh1 Re4 33. Rf2 Rh4 34. Kh2 Rh5 35. a4 bxa4 36. Rxb7 Bg5 37. c6 Bh4 38. Rf1 Rg5 39. c7 Bg3+ 40. Kh1 Rg7 41. Ra7 Rxc7 42. Rxa6 Rc2 43. Rxa4 Rh2+ 44. Kg1 f2+ 45. Nxf2 Rfxf2 46. Ra8+ Kg7 47. Rxf2 Rxf2 48. Ra7+ 0-1

[Event "Scarborough CC Spring Swiss U1700"]
[Site "Toronto CAN"]
[Date "2009.05.07"]
[Round "2"]
[White "Pishdad, Hassan"]
[Black "Roe, Jim"]
[Result "0-1"]
[WhiteElo "1344"]
[BlackElo "1512"]
[PlyCount "88"]
[GameId "2160767910157050"]
[EventDate "2009.04.30"]
[EventType "swiss"]
[EventRounds "8"]
[EventCountry "CAN"]
[SourceTitle "EXT 2011"]
[Source "ChessBase"]
[SourceDate "2011.11.26"]
[SourceVersion "1"]
[SourceVersionDate "2011.11.26"]
[SourceQuality "1"]

1. e4 e6 2. d4 d5 3. e5 c5 4. Nf3 Nc6 5. Bb5 Bd7 6. Bxc6 Bxc6 7. c3 Rc8 8. O-O cxd4 9. cxd4 Ne7 10. Nc3 Ng6 11. Ng5 Bb4 12. a3 Bxc3 13. bxc3 Bb5 14. Qf3 Qe7 15. Re1 Rc4 16. Nh3 Qc7 17. Bd2 O-O 18. Rab1 Ba6 19. Rb4 Qa5 20. Bc1 Rfc8 21. Bb2 Qc7 22. Rc1 Rc6 23. Nf4 Nxf4 24. Qxf4 Bc4 25. Ba1 Rf8 26. Qe3 f6 27. Re1 fxe5 28. dxe5 b6 29. Qd4 Rf5 30. f4 Qf7 31. g3 g5 32. Rb2 gxf4 33. Rg2 fxg3 34. Rxg3+ Kh8 35. Qd1 Rc8 36. Bb2 Rf8 37. a4 Rf1+ 38. Rxf1 Bxf1 39. Qd2 Bb5 40. Qg2 Bxa4 41. c4 dxc4 42. Bd4 Qf4 43. Rg4 Qc1+ 44. Qf1 Qxf1# 0-1

[Event "Scarborough CC Spring Swiss U1700"]
[Site "Toronto CAN"]
[Date "2009.05.07"]
[Round "2"]
[White "Ward, Dean"]
[Black "Radpey, Abdolreza"]
[Result "0-1"]
[WhiteElo "1750"]
[BlackElo "1478"]
[PlyCount "70"]
[GameId "2160767910157052"]
[EventDate "2009.04.30"]
[EventType "swiss"]
[EventRounds "8"]
[EventCountry "CAN"]
[SourceTitle "EXT 2011"]
[Source "ChessBase"]
[SourceDate "2011.11.26"]
[SourceVersion "1"]
[SourceVersionDate "2011.11.26"]
[SourceQuality "1"]

1. c4 c5 2. g3 Nc6 3. Bg2 e6 4. Nc3 g6 5. e3 Bg7 6. Nge2 Nge7 7. O-O Rb8 8. Ne4 d6 9. d4 f5 10. Ng5 h6 11. Nxe6 Bxe6 12. d5 Bf7 13. dxc6 bxc6 14. Qc2 Rb4 15. a3 Rxc4 16. Qd3 Ra4 17. Bxc6+ Nxc6 18. Qb5 Ra5 19. Qxc6+ Qd7 20. Qxd7+ Kxd7 21. Nc3 Bxc3 22. bxc3 Rb8 23. Bd2 Rab5 24. Rfc1 c4 25. e4 fxe4 26. Bxh6 Rh5 27. Be3 Ra5 28. Bd4 Rb3 29. Rcb1 a6 30. Re1 Bd5 31. a4 Bc6 32. Re2 Rxa4 33. Rxa4 Bxa4 34. Rxe4 Rb1+ 35. Kg2 Bc6 0-1

[Event "Scarborough CC Spring Swiss U1700"]
[Site "Toronto CAN"]
[Date "2009.05.14"]
[Round "3"]
[White "Karpik, Steve"]
[Black "Wang, Jason"]
[Result "1-0"]
[WhiteElo "1509"]
[BlackElo "973"]
[PlyCount "31"]
[GameId "2160767910157055"]
[EventDate "2009.04.30"]
[EventType "swiss"]
[EventRounds "8"]
[EventCountry "CAN"]
[SourceTitle "EXT 2011"]
[Source "ChessBase"]
[SourceDate "2011.11.26"]
[SourceVersion "1"]
[SourceVersionDate "2011.11.26"]
[SourceQuality "1"]

1. Nf3 Nc6 2. c4 e5 3. Nc3 Nf6 4. d3 h6 5. g3 d6 6. Bg2 Be6 7. Qa4 Qd7 8. a3 O-O-O 9. b4 a6 10. b5 axb5 11. Nxb5 Qe8 12. Na7+ Nxa7 13. Qxa7 d5 14. Rb1 b6 15. Nxe5 Bd6 16. Qa8# 1-0

[Event "Scarborough CC Spring Swiss U1700"]
[Site "Toronto CAN"]
[Date "2009.05.14"]
[Round "3"]
[White "Walker, John"]
[Black "Rogers, Michael"]
[Result "0-1"]
[WhiteElo "1326"]
[BlackElo "1394"]
[PlyCount "54"]
[GameId "2160767910157056"]
[EventDate "2009.04.30"]
[EventType "swiss"]
[EventRounds "8"]
[EventCountry "CAN"]
[SourceTitle "EXT 2011"]
[Source "ChessBase"]
[SourceDate "2011.11.26"]
[SourceVersion "1"]
[SourceVersionDate "2011.11.26"]
[SourceQuality "1"]

1. d4 f5 2. Bg5 d5 3. Nf3 h6 4. Bf4 Nc6 5. Nh4 Nf6 6. Ng6 Rg8 7. e3 e6 8. Nxf8 Kxf8 9. h3 Qe7 10. Nd2 e5 11. dxe5 Nxe5 12. Nf3 Nxf3+ 13. Qxf3 Qb4+ 14. Kd1 Qxb2 15. Rc1 Ne4 16. Bxc7 Be6 17. Ba5 Rc8 18. Bd3 b6 19. Bd2 Qxa2 20. Bxe4 dxe4 21. Bb4+ Kf7 22. Qh5+ g6 23. Qxh6 Bb3 24. Qg5 Bxc2+ 25. Ke1 Rc7 26. Bd6 Qa5+ 27. Kf1 Bd3+ 0-1

[Event "Scarborough CC Spring Swiss U1700"]
[Site "Toronto CAN"]
[Date "2009.05.14"]
[Round "3"]
[White "Woolford, Jesse"]
[Black "Cuttress, Colin"]
[Result "0-1"]
[WhiteElo "1186"]
[BlackElo "1560"]
[PlyCount "96"]
[GameId "2160767910157057"]
[EventDate "2009.04.30"]
[EventType "swiss"]
[EventRounds "8"]
[EventCountry "CAN"]
[SourceTitle "EXT 2011"]
[Source "ChessBase"]
[SourceDate "2011.11.26"]
[SourceVersion "1"]
[SourceVersionDate "2011.11.26"]
[SourceQuality "1"]

1. e4 d6 2. d4 Nf6 3. f3 g6 4. Nc3 Bg7 5. Bc4 O-O 6. Nge2 Nc6 7. a3 Nd7 8. O-O e5 9. d5 Ne7 10. Be3 f5 11. Qe1 f4 12. Bf2 Nf6 13. Nc1 g5 14. Nd3 Ng6 15. a4 h5 16. h4 g4 17. fxg4 Nxg4 18. g3 Nxf2 19. Qxf2 Bh3 20. Rfe1 fxg3 21. Qxg3 Bg4 22. Rf1 Qxh4 23. Qxh4 Nxh4 24. Nf2 Nf3+ 25. Kg2 Nd2 26. Nxg4 Nxf1 27. Bxf1 hxg4 28. Be2 Rf4 29. Kg3 Raf8 30. Bxg4 Rf1 31. Be6+ Kh8 32. Rxf1 Rxf1 33. Nb5 Rc1 34. c3 Rc2 35. Nxa7 Rxb2 36. Nb5 Rc2 37. Kg4 c6 38. dxc6 bxc6 39. Nxd6 Rxc3 40. Nf7+ Kh7 41. Kh5 Bf6 42. Bf5+ Kg7 43. Be6 c5 44. Kg4 c4 45. Kf5 Rc1 46. Nxe5 Rf1+ 47. Kg4 Bxe5 48. Bxc4 Rf4+ 0-1

[Event "Scarborough CC Spring Swiss U1700"]
[Site "Toronto CAN"]
[Date "2009.05.14"]
[Round "3"]
[White "Xi, Jason"]
[Black "Pishdad, Hassan"]
[Result "0-1"]
[WhiteElo "1095"]
[BlackElo "1382"]
[PlyCount "78"]
[GameId "2160767910157058"]
[EventDate "2009.04.30"]
[EventType "swiss"]
[EventRounds "8"]
[EventCountry "CAN"]
[SourceTitle "EXT 2011"]
[Source "ChessBase"]
[SourceDate "2011.11.26"]
[SourceVersion "1"]
[SourceVersionDate "2011.11.26"]
[SourceQuality "1"]

1. e4 e5 2. Nf3 Nc6 3. Bc4 h6 4. Nc3 Nf6 5. d3 Bb4 6. Bd2 Bc5 7. O-O d6 8. h3 O-O 9. a3 a6 10. Be3 Bxe3 11. fxe3 Na5 12. Ba2 c5 13. b4 Nc6 14. d4 cxd4 15. exd4 Qb6 16. Ne2 Nxe4 17. Qd3 Bf5 18. Bd5 Ng3 19. Qd1 Nxf1 20. Kxf1 Rad8 21. Qd2 Bh7 22. Qc3 e4 23. Nd2 Qb5 24. Bxe4 Bxe4 25. Nxe4 Rfe8 26. Qf3 Nxd4 27. Qd3 Qf5+ 28. Kg1 Nxe2+ 29. Qxe2 Rxe4 30. Qd3 d5 31. Rf1 Qg5 32. Qf3 f6 33. Qc3 Rc4 34. Qd3 Rf4 35. Qe3 Rxf1+ 36. Kxf1 Qxe3 37. a4 Re8 38. g4 Qg3 39. g5 Re1# 0-1

[Event "Scarborough CC Spring Swiss U1700"]
[Site "Toronto CAN"]
[Date "2009.05.14"]
[Round "3"]
[White "Yie, Kevin Yi Xiao"]
[Black "Xie, Peter"]
[Result "1-0"]
[WhiteElo "930"]
[BlackElo "1442"]
[PlyCount "149"]
[GameId "2160767910157059"]
[EventDate "2009.04.30"]
[EventType "swiss"]
[EventRounds "8"]
[EventCountry "CAN"]
[SourceTitle "EXT 2011"]
[Source "ChessBase"]
[SourceDate "2011.11.26"]
[SourceVersion "1"]
[SourceVersionDate "2011.11.26"]
[SourceQuality "1"]

1. e4 c6 2. d4 d5 3. Nc3 dxe4 4. Nxe4 Bf5 5. Nc3 e6 6. Nf3 Nd7 7. g3 Ngf6 8. Bg2 Bg4 9. Bf4 Nb6 10. O-O Nbd5 11. Nxd5 Nxd5 12. Bd2 h6 13. c4 Nb6 14. b3 Bxf3 15. Bxf3 Qxd4 16. Re1 Be7 17. Be3 Qb2 18. Re2 Qf6 19. Bg2 Bd8 20. Bd4 Qg5 21. h4 Qg6 22. h5 Qg5 23. Be3 Qxh5 24. Bxb6 Bxb6 25. Rxe6+ fxe6 26. Qxh5+ Ke7 27. c5 Ba5 28. b4 Bc7 29. Rd1 Rhf8 30. Qe2 Rae8 31. Qd2 Rd8 32. Qe2 Rde8 33. Bf3 Rf6 34. Bh5 g6 35. Bf3 Ref8 36. Qd2 Rd8 37. Qxh6 Rxf3 38. Rxd8 Bxd8 39. Qh7+ Rf7 40. Qxg6 Bc7 41. Qe4 Rg7 42. Qh4+ Kf7 43. g4 Bf4 44. Qh5+ Rg6 45. Kg2 Kf6 46. Kf3 Bh6 47. Ke4 Bg5 48. f4 Bh6 49. f5 exf5+ 50. gxf5 Rg7 51. Qxh6+ Kf7 52. f6 Rg8 53. Qh7+ Kf8 54. f7 Rg7 55. Qxg7+ Kxg7 56. Ke5 Kxf7 57. Kd6 b6 58. cxb6 axb6 59. Kxc6 Ke7 60. Kxb6 Kd7 61. a4 Kc8 62. a5 Kb8 63. a6 Ka8 64. Kc7 Ka7 65. b5 Ka8 66. Kc6 Kb8 67. b6 Ka8 68. b7+ Ka7 69. Kc7 Kxa6 70. b8=Q Ka5 71. Kc6 Ka4 72. Kc5 Ka3 73. Kc4 Ka2 74. Kc3 Ka1 75. Qb2# 1-0

[Event "Scarborough CC Spring Swiss U1700"]
[Site "Toronto CAN"]
[Date "2009.05.21"]
[Round "4"]
[White "Dattani, Dinesh"]
[Black "Karpik, Steve"]
[Result "0-1"]
[WhiteElo "1423"]
[BlackElo "1509"]
[PlyCount "75"]
[GameId "2160767910157061"]
[EventDate "2009.04.30"]
[EventType "swiss"]
[EventRounds "8"]
[EventCountry "CAN"]
[SourceTitle "EXT 2011"]
[Source "ChessBase"]
[SourceDate "2011.11.26"]
[SourceVersion "1"]
[SourceVersionDate "2011.11.26"]
[SourceQuality "1"]

1. d4 Nf6 2. c4 d6 3. Nc3 g6 4. e4 Bg7 5. Nf3 O-O 6. Be2 Nbd7 7. O-O c5 8. Bg5 cxd4 9. Nxd4 a6 10. Re1 Re8 11. Nf3 Nc5 12. Qc2 Bd7 13. Rad1 Bc6 14. e5 Nfe4 15. exd6 Nxd6 16. b4 Nce4 17. Nxe4 Bxe4 18. Qb3 Qc7 19. Bf4 e5 20. Bg3 Nf5 21. Ng5 Nxg3 22. hxg3 Bf5 23. c5 h6 24. Nxf7 Qxf7 25. Bc4 Be6 26. Bxe6 Qxe6 27. Qxe6+ Rxe6 28. Rd6 Rae8 29. Rd7 R8e7 30. Red1 Kf7 31. Kf1 e4 32. a4 Bc3 33. b5 axb5 34. axb5 Bb4 35. R1d5 Rxd7 36. Rxd7+ Re7 37. c6 Rxd7 38. cxd7 0-1

[Event "Scarborough CC Spring Swiss U1700"]
[Site "Toronto CAN"]
[Date "2009.05.21"]
[Round "4"]
[White "Kurkowski, Ken"]
[Black "Souchko, Larissa"]
[Result "1-0"]
[WhiteElo "1690"]
[BlackElo "1234"]
[PlyCount "55"]
[GameId "2160767910157062"]
[EventDate "2009.04.30"]
[EventType "swiss"]
[EventRounds "8"]
[EventCountry "CAN"]
[SourceTitle "EXT 2011"]
[Source "ChessBase"]
[SourceDate "2011.11.26"]
[SourceVersion "1"]
[SourceVersionDate "2011.11.26"]
[SourceQuality "1"]

1. e4 c5 2. c3 d6 3. d4 cxd4 4. cxd4 e6 5. Nf3 a6 6. Nc3 Bd7 7. Bd3 Nf6 8. Bg5 h6 9. Bh4 Be7 10. O-O O-O 11. e5 dxe5 12. dxe5 Nd5 13. Bxe7 Qxe7 14. Nxd5 exd5 15. Re1 Nc6 16. a3 Bg4 17. Be2 Rad8 18. Rc1 Bxf3 19. Bxf3 Nxe5 20. Bxd5 Qf6 21. Qb3 Rd7 22. Rcd1 Rfd8 23. Be4 b5 24. Rxd7 Rxd7 25. Qc3 g6 26. h3 h5 27. Bc2 Nc4 28. Qxf6 1-0

[Event "Scarborough CC Spring Swiss U1700"]
[Site "Toronto CAN"]
[Date "2009.05.21"]
[Round "4"]
[White "Philip, Andrew"]
[Black "Yusuf, Magas"]
[Result "1/2-1/2"]
[WhiteElo "1578"]
[BlackElo "1380"]
[PlyCount "51"]
[GameId "2160767910157063"]
[EventDate "2009.04.30"]
[EventType "swiss"]
[EventRounds "8"]
[EventCountry "CAN"]
[SourceTitle "EXT 2011"]
[Source "ChessBase"]
[SourceDate "2011.11.26"]
[SourceVersion "1"]
[SourceVersionDate "2011.11.26"]
[SourceQuality "1"]

1. d4 d5 2. Bg5 Nf6 3. Bxf6 exf6 4. e3 Nc6 5. c4 Be6 6. Nd2 Bb4 7. Ngf3 dxc4 8. Be2 c3 9. bxc3 Bxc3 10. Rc1 Bxd2+ 11. Qxd2 O-O 12. e4 Bg4 13. d5 Bxf3 14. Bxf3 Ne5 15. Be2 c6 16. O-O cxd5 17. exd5 Rc8 18. Kh1 Nc6 19. Rfd1 Nb8 20. Bf3 Rxc1 21. Rxc1 Qd6 22. Qc3 Re8 23. g3 h6 24. Kg2 Na6 25. Qb3 Nc5 26. Qa3 1/2-1/2